| 000 | 00856nam a2200205 a 4500 | ||
|---|---|---|---|
| 001 | 000042290 | ||
| 005 | 20201002040046.0 | ||
| 008 | 131122s1996 sp ac 000 0 spa d | ||
| 020 | _a8487737153 | ||
| 040 |
_aDO-SdBNP _bspa _cBNPHU |
||
| 082 |
_axxx _bN677A |
||
| 100 | 1 |
_aAlvares, Rosa, _d1965- _969336 |
|
| 245 | 1 | 3 |
_aLa Armonía que rompe el silencio : _bconversaciones con José Nieto / _cRosa Alvares ; prólogo de Josefina Molina. |
| 260 |
_aValladolid, España : _bSociedad General de Autores y Editores, _bSemana Internacional de Cine, _c1996. |
||
| 300 |
_a243 p. : _bil., retrs. + disco (digital ; 4 3/4 ) ; _c25 cm. |
||
| 500 | _aIncluye datos biográficos de la autora en la solapa de la contracubierta | ||
| 500 | _a41 Semana Internacional de Cine Valladolid-1996 | ||
| 504 | _aBibliografía : p. 231 | ||
| 700 | 1 | 2 |
_aMolina, Josefina _etr. _969337 |
| 999 |
_c41779 _d41779 |
||